Państwa produkujące najwięcej orzechów włoskich - Statystyki

Ogólne statystyki
  • Ten quiz został rozwiązany 18 razy
  • Średni wynik to 9 z 15
Statystyki odpowiedzi
Tony (tys.) Kraj % Poprawnych
1 400 Chiny
94%
747,52 Stany Zjednoczone
94%
381,00 Iran
81%
360,00 Turcja
81%
31,38 Francja
75%
167,78 Meksyk
75%
24,03 Egipt
63%
39,58 Grecja
63%
106,12 Ukraina
63%
58,09 Rumunia
50%
192,00 Chile
44%
27,00 Afganistan
38%
48,39 Uzbekistan
31%
23,35 Bośnia i Hercegowina
13%
145,14 Burkina Faso
13%
Nie znaleziono quizów pasujących do podanych kryteriów
Rozkład punktacji
Procent ludzi z każdym wynikiem
Percentyl według liczby udzielonych odpowiedzi
Twoja historia wyników
Nie rozwiązałeś tego quizu